[Event "Memorial Nicola Palladino A"]
[Site "Milano ITA"]
[Date "2009.04.10"]
[Round "1"]
[White "Messina, Marco"]
[Black "Dogic, Mirhad"]
[Result "1/2-1/2"]
[WhiteElo "2063"]
[BlackElo "1709"]
[PlyCount "120"]
[EventDate "2009.04.10"]

1. e4 e6 2. Qe2 d6 3. g3 Nc6 4. c3 Nf6 5. Bg2 Be7 6. f4 O-O 7. Nf3 Nd7 8. O-O
e5 9. d4 exf4 10. Bxf4 Nf6 11. Nbd2 Nh5 12. Be3 Bg4 13. Qd3 g6 14. Rae1 a6 15.
Qc4 Na5 16. Qd3 Bf6 17. h3 Bc8 18. Kh2 Bg7 19. g4 Nf6 20. e5 dxe5 21. Nxe5 Nd5
22. Bg5 f6 23. Bh4 g5 24. Bxg5 fxg5 25. Rxf8+ Bxf8 26. Be4 Nf4 27. Bxh7+ Kg7
28. Qe4 Bd6 29. Ndf3 Qf6 30. Rf1 Be6 31. Nxg5 Qxg5 32. Rxf4 Rh8 33. Bf5 Bd5 34.
Qxd5 Qxf4+ 35. Kg2 Bxe5 36. dxe5 Qc4 37. Qxa5 Rd8 38. Qb4 Qe2+ 39. Kg3 Qxe5+
40. Kf3 Qe1 41. Qc5 c6 42. Qb6 Qe7 43. Qe3 Qf6 44. Qb6 Qe7 45. Qe3 Qf6 46. Qb6
Rd7 47. Qe3 Re7 48. Qd4 a5 49. Qxf6+ Kxf6 50. h4 Re1 51. Bd3 Rd1 52. Ke3 Rh1
53. h5 Kg5 54. b4 b6 55. bxa5 bxa5 56. Kd4 Kxg4 57. a4 Kf4 58. Bg6 Ra1 59. h6
Rxa4+ 60. Kc5 Ra1 1/2-1/2

[Event "Memorial Nicola Palladino A"]
[Site "Milano ITA"]
[Date "2009.04.10"]
[Round "1"]
[White "Palmieri, Giovanni"]
[Black "Bemporad, Filippo"]
[Result "0-1"]
[WhiteElo "1737"]
[BlackElo "2100"]
[PlyCount "59"]
[EventDate "2009.04.10"]

1. d4 d5 2. c4 c6 3. Nc3 Nf6 4. Nf3 g6 5. Qb3 dxc4 6. Qxc4 Be6 7. Qb4 Qc8 8. e4
Bg7 9. e5 Nd5 10. Nxd5 Bxd5 11. Be2 a5 12. Qc3 O-O 13. O-O Nd7 14. Bf4 Nb6 15.
b3 Be6 16. Bc4 Nd5 17. Qd2 Qd7 18. Bh6 Bg4 19. Bxg7 Kxg7 20. Be2 f6 21. Rad1 b6
22. h3 Bxh3 23. gxh3 Qxh3 24. Nh2 fxe5 25. Bg4 Qh4 26. Qe2 h5 27. Qxe5+ Kh7 28.
Be2 Rf5 29. Qe6 Nf4 30. Kh1 0-1

[Event "Memorial Nicola Palladino A"]
[Site "Milano ITA"]
[Date "2009.04.10"]
[Round "1"]
[White "Virzi, Ettore"]
[Black "Colombani, Camillo"]
[Result "1-0"]
[WhiteElo "1986"]
[BlackElo "1631"]
[PlyCount "45"]
[EventDate "2009.04.10"]

1. e4 e5 2. Nf3 Nc6 3. Bb5 a6 4. Ba4 b5 5. Bb3 Nf6 6. O-O g6 7. Ng5 d5 8. exd5
Nxd5 9. Nxf7 Kxf7 10. Qf3+ Kg7 11. Bxd5 Bd7 12. Bxc6 Bxc6 13. Qxc6 Bd6 14. d3
Qh4 15. Qd7+ Kf8 16. g3 Qh5 17. Nc3 Rg8 18. Ne4 Rg7 19. Qc6 Rd8 20. Bg5 Be7 21.
Bxe7+ Rxe7 22. Qf6+ Rf7 23. Qxd8+ 1-0

[Event "Memorial Nicola Palladino A"]
[Site "Milano ITA"]
[Date "2009.04.10"]
[Round "1"]
[White "Vocaturo, Riccardo"]
[Black "Rossi, Giampiero"]
[Result "0-1"]
[WhiteElo "1581"]
[BlackElo "1915"]
[PlyCount "52"]
[EventDate "2009.04.10"]

1. e4 c5 2. Nf3 e6 3. d4 cxd4 4. Nxd4 a6 5. f4 g6 6. g3 Ne7 7. Bg2 Bg7 8. O-O
O-O 9. Kh1 Nbc6 10. e5 f6 11. Bh3 fxe5 12. Nxc6 Nxc6 13. Qe2 exf4 14. gxf4 Qh4
15. Bg2 Nd4 16. Qc4 d5 17. Qc5 Bd7 18. a4 Rac8 19. Qd6 Rfd8 20. c3 Nf5 21. Qb6
Ng3+ 22. Kg1 Nxf1 23. Kxf1 Bc6 24. h3 d4 25. cxd4 Bxd4 26. Qb3 Qf2# 0-1

[Event "Memorial Nicola Palladino A"]
[Site "Milano ITA"]
[Date "2009.04.11"]
[Round "2"]
[White "Aglietti, Graziano"]
[Black "Cazzaniga, Walter"]
[Result "1-0"]
[WhiteElo "2020"]
[BlackElo "2192"]
[PlyCount "57"]
[EventDate "2009.04.10"]

1. e4 e6 2. d4 d5 3. Nd2 Nf6 4. e5 Nfd7 5. Bd3 c5 6. c3 Nc6 7. Ne2 cxd4 8. cxd4
f6 9. Nf4 Nxd4 10. Qh5+ Ke7 11. Ng6+ hxg6 12. exf6+ Nxf6 13. Qxh8 Kf7 14. O-O
e5 15. Nb3 Nxb3 16. axb3 Qb6 17. Bg5 e4 18. Be2 Be6 19. Rac1 Re8 20. Bxf6 gxf6
21. Rc3 Bg7 22. Qh4 d4 23. Rg3 d3 24. Qxe4 dxe2 25. Qxg6+ Ke7 26. Qxg7+ Kd8 27.
Qxf6+ Kc8 28. Rc1+ Kb8 29. Qe5+ 1-0

[Event "Memorial Nicola Palladino A"]
[Site "Milano ITA"]
[Date "2009.04.11"]
[Round "2"]
[White "Astengo, Corrado"]
[Black "Virzi, Ettore"]
[Result "0-1"]
[WhiteElo "2208"]
[BlackElo "1986"]
[PlyCount "96"]
[EventDate "2009.04.10"]

1. e4 e5 2. Nf3 Nc6 3. Bc4 Nf6 4. d4 exd4 5. e5 d5 6. Bb5 Ne4 7. Nxd4 Bc5 8.
O-O O-O 9. Nxc6 bxc6 10. Bxc6 Ba6 11. Qxd5 Bxf1 12. Qxe4 Bb5 13. Nc3 Bxc6 14.
Qxc6 Bb6 15. Bf4 Qd4 16. Qf3 Rad8 17. Bg5 Rde8 18. Bf4 Rd8 19. a3 Rfe8 20. h4
Qc4 21. h5 Bd4 22. h6 Re6 23. Bg5 Rde8 24. Bf6 Bxe5 25. Bxg7 Bxg7 26. hxg7 Re1+
27. Rxe1 Rxe1+ 28. Kh2 Qh4+ 29. Qh3 Qxf2 30. Qc8+ Kxg7 31. Qg4+ Kf8 32. Qc8+
Kg7 33. Qg4+ Kf8 34. Qc8+ Re8 35. Qg4 Re6 36. Qg5 Rg6 37. Ne4 Rxg5 38. Nxf2 Rc5
39. c3 Rd5 40. Ne4 Re5 41. Ng3 Ke7 42. Kg1 Re1+ 43. Kf2 Rb1 44. b4 Rb3 45. Nf5+
Kf6 46. Nd4 Rxc3 47. Nb5 Rc2+ 48. Kf1 a6 0-1

[Event "Memorial Nicola Palladino A"]
[Site "Milano ITA"]
[Date "2009.04.11"]
[Round "2"]
[White "Barberi, Alessandro"]
[Black "Astengo, Marcello"]
[Result "0-1"]
[WhiteElo "2120"]
[BlackElo "2114"]
[PlyCount "80"]
[EventDate "2009.04.10"]

1. d4 d5 2. Nf3 Nf6 3. c4 e6 4. e3 c6 5. Nbd2 Be7 6. Bd3 O-O 7. b3 Nbd7 8. Bb2
b6 9. O-O Bb7 10. Qc2 c5 11. Ne5 cxd4 12. exd4 Rc8 13. f4 g6 14. a3 dxc4 15.
bxc4 Nxe5 16. fxe5 Ng4 17. Rfe1 Bh4 18. g3 Bg5 19. Nf1 f5 20. h3 Nh6 21. Rad1
Bf3 22. Be2 Ba8 23. Bd3 b5 24. Qb3 f4 25. cxb5 Bd5 26. Qb4 fxg3 27. Qd6 Qxd6
28. exd6 Rf2 29. Be4 Bxe4 30. Rxe4 Rxb2 31. Nxg3 Rcc2 32. Nf1 Re2 33. Re5 Nf7
34. Rc5 Nxd6 35. Rxg5 Rxb5 36. Rg3 Nf5 37. Rgd3 Rd5 38. Nh2 Ne3 39. Rc1 Rg5+
40. Kh1 Rg3 0-1

[Event "Memorial Nicola Palladino A"]
[Site "Milano ITA"]
[Date "2009.04.11"]
[Round "2"]
[White "Bemporad, Filippo"]
[Black "Bove, Alessandro"]
[Result "1/2-1/2"]
[WhiteElo "2100"]
[BlackElo "2297"]
[PlyCount "160"]
[EventDate "2009.04.10"]

1. d4 c5 2. e3 e6 3. Nf3 b6 4. Bd3 Bb7 5. O-O Be7 6. b3 f5 7. Bb2 Nf6 8. c4
cxd4 9. exd4 O-O 10. Ne5 Na6 11. Nc3 Qe8 12. Be2 Bb4 13. Bf3 Bxf3 14. Qxf3 Bxc3
15. Qxc3 Ne4 16. Qe3 d6 17. Nd3 Nc7 18. Rfe1 Qd7 19. Rad1 Rae8 20. f3 Nf6 21.
Ba3 Rf7 22. Qf4 Rd8 23. Bb2 Re8 24. Rd2 Rfe7 25. Rde2 b5 26. Ba3 bxc4 27. bxc4
Rd8 28. c5 Ncd5 29. Qxd6 Qc8 30. Qe5 Qa6 31. Nb4 Qxa3 32. Nc6 Rde8 33. Nxe7+
Rxe7 34. Qd6 Qc3 35. Rxe6 Qxe1+ 36. Rxe1 Rxe1+ 37. Kf2 Re7 38. g3 Kf7 39. h3
Nb4 40. c6 Nbd5 41. g4 fxg4 42. hxg4 h6 43. a4 Nc7 44. Qf4 Ke8 45. g5 hxg5 46.
Qxg5 Ncd5 47. Qg3 Kf7 48. Qd6 g5 49. Qc5 Ke6 50. Qc4 Ne8 51. Kg3 Nec7 52. Kg4
Kf6 53. Qc5 Ne3+ 54. Kg3 Ncd5 55. Qd6+ Kf7 56. Kf2 Kg7 57. Qd8 Kf7 58. Qd6 g4
59. fxg4 Nxg4+ 60. Kf3 Ngf6 61. Qd8 Re3+ 62. Kf2 Rc3 63. Qa8 Kg6 64. a5 Kg5 65.
a6 Nb4 66. Qxa7 Rxc6 67. Qg7+ Kf5 68. a7 Rc2+ 69. Kf1 Ra2 70. Qb7 Ra1+ 71. Ke2
Nc2 72. Kd3 Ne1+ 73. Ke2 Nc2 74. a8=Q Rxa8 75. Qxa8 Nxd4+ 76. Ke3 Ne6 77. Qh8
Ke5 78. Qb8+ Kf5 79. Qb5+ Kg6 80. Qa5 Kf7 1/2-1/2

[Event "Memorial Nicola Palladino A"]
[Site "Milano ITA"]
[Date "2009.04.11"]
[Round "2"]
[White "Carbone, Lorenzo"]
[Black "Magistroni, Imerio"]
[Result "1/2-1/2"]
[WhiteElo "1833"]
[BlackElo "1649"]
[PlyCount "46"]
[EventDate "2009.04.10"]

1. e4 e5 2. Nf3 Nc6 3. Bb5 f5 4. Nc3 fxe4 5. Nxe4 Nf6 6. d3 d5 7. Nxe5 dxe4 8.
Nxc6 bxc6 9. Bxc6+ Bd7 10. Bxa8 Qxa8 11. O-O Bd6 12. Re1 O-O 13. h3 exd3 14.
Qxd3 Bc6 15. f3 Bd7 16. Bg5 Qc8 17. f4 h6 18. Bxf6 Rxf6 19. Re4 Kh8 20. Qe3 Qf8
21. Qc3 Bxf4 22. Rae1 Bd6 23. Qc4 Rf4 1/2-1/2

[Event "Memorial Nicola Palladino A"]
[Site "Milano ITA"]
[Date "2009.04.11"]
[Round "2"]
[White "Colombani, Camillo"]
[Black "Bertazzoli, Giulio"]
[Result "0-1"]
[WhiteElo "1631"]
[BlackElo "1849"]
[PlyCount "66"]
[EventDate "2009.04.10"]

1. e4 c6 2. Nf3 d5 3. exd5 Qxd5 4. Nc3 Qa5 5. Be2 Bg4 6. h3 Bh5 7. O-O Nf6 8.
d4 e6 9. Bg5 Bxf3 10. Bxf3 Qxg5 11. d5 Nxd5 12. Bxd5 cxd5 13. Nb5 Qd8 14. f4
Qb6+ 15. Nd4 Bc5 16. c3 Nc6 17. Kh1 Bxd4 18. cxd4 Qxd4 19. f5 Qxd1 20. Raxd1
Ke7 21. g4 Rhe8 22. g5 g6 23. f6+ Kd6 24. Kg2 e5 25. Kf3 e4+ 26. Ke2 Re5 27. h4
Rae8 28. Rh1 d4 29. Rdg1 Rf5 30. h5 d3+ 31. Kd2 Ne5 32. hxg6 hxg6 33. Rh4 Nf3+
0-1

[Event "Memorial Nicola Palladino A"]
[Site "Milano ITA"]
[Date "2009.04.11"]
[Round "2"]
[White "Dogic, Mirhad"]
[Black "Bozzali, Ermanno"]
[Result "0-1"]
[WhiteElo "1709"]
[BlackElo "2126"]
[PlyCount "80"]
[EventDate "2009.04.10"]

1. f4 Nf6 2. Nf3 c5 3. g3 Nc6 4. Bg2 d6 5. O-O e5 6. fxe5 dxe5 7. d3 Be7 8. e4
O-O 9. Na3 Ne8 10. Nc4 Nc7 11. c3 f6 12. Ne3 Be6 13. Nf5 Qd7 14. Nxe7+ Nxe7 15.
Be3 b6 16. Nh4 Rad8 17. Nf5 Nxf5 18. exf5 Bxf5 19. Be4 Bxe4 20. dxe4 Qd3 21.
Qf3 Qc2 22. Rf2 Qa4 23. b3 Qc6 24. Re1 Rd3 25. c4 Rfd8 26. Qg4 Qd7 27. Qxd7
R8xd7 28. Ree2 Kf7 29. Rf1 Ke6 30. Ree1 Na6 31. Bc1 Nb4 32. a3 Nc2 33. Re2 Nd4
34. Ref2 Nxb3 35. a4 Na5 36. g4 Nxc4 37. g5 Rd1 38. gxf6 Rxf1+ 39. Rxf1 gxf6
40. Bh6 Nd2 0-1

[Event "Memorial Nicola Palladino A"]
[Site "Milano ITA"]
[Date "2009.04.12"]
[Round "2"]
[White "Falchi, Claudio"]
[Black "Fantina, Carla"]
[Result "1-0"]
[WhiteElo "1467"]
[BlackElo "1798"]
[PlyCount "62"]
[EventDate "2009.04.10"]

1. e4 d6 2. d4 Nf6 3. Nc3 g6 4. Be3 Bg7 5. Qd2 Ng4 6. Bf4 e5 7. dxe5 Nxe5 8.
Be2 h6 9. Nf3 Nbd7 10. O-O-O g5 11. Bxe5 Nxe5 12. Nxe5 Bxe5 13. Qd3 O-O 14. f3
Be6 15. Kb1 a5 16. g3 f5 17. Rhf1 f4 18. gxf4 Rxf4 19. Rf2 c6 20. Rh1 b5 21. h4
Qb6 22. Rg2 Bc4 23. Qd2 Bxe2 24. Rxe2 Rxh4 25. Rxh4 gxh4 26. Rg2+ Kh7 27. f4
Bd4 28. Ne2 Bc5 29. e5 Rf8 30. Qd3+ Rf5 31. Qxf5+ Kh8 1-0

[Event "Memorial Nicola Palladino A"]
[Site "Milano ITA"]
[Date "2009.04.11"]
[Round "2"]
[White "Giacometto, Mario"]
[Black "Cervini, Gian Piero"]
[Result "1-0"]
[WhiteElo "1974"]
[BlackElo "1792"]
[PlyCount "65"]
[EventDate "2009.04.10"]

1. e4 g6 2. d4 Bg7 3. Nc3 d6 4. Bg5 Nf6 5. f4 c6 6. Qd2 Qa5 7. Bd3 Na6 8. h3 h6
9. Bh4 Bd7 10. Nf3 c5 11. d5 b5 12. e5 Nh7 13. O-O c4 14. Be4 Nc5 15. Qe3 b4
16. exd6 bxc3 17. Bxe7 f5 18. b4 Qxb4 19. Rab1 Qa5 20. Bxf5 Bxf5 21. Bf6+ Ne4
22. Bxg7 Rg8 23. Rb7 Qxd5 24. Re7+ Kd8 25. Be5 Nd2 26. Rxh7 Nxf1 27. Bf6+ Kc8
28. Qe7 Qc5+ 29. Kxf1 Qc6 30. Ne5 Qb6 31. Qc7+ Qxc7 32. Rxc7+ Kb8 33. Nc6# 1-0

[Event "Memorial Nicola Palladino A"]
[Site "Milano ITA"]
[Date "2009.04.11"]
[Round "2"]
[White "Gonella, Daniele"]
[Black "Di Chiara, Mauro"]
[Result "1-0"]
[WhiteElo "1764"]
[BlackElo "1869"]
[PlyCount "155"]
[EventDate "2009.04.10"]

1. e4 c5 2. c3 d5 3. exd5 Qxd5 4. d4 cxd4 5. Qxd4 Qxd4 6. cxd4 Nf6 7. Nc3 Nc6
8. Be3 e6 9. a3 Be7 10. Bc4 O-O 11. Nf3 Rd8 12. Rd1 b6 13. O-O Bb7 14. Ba2 Rac8
15. d5 exd5 16. Nxd5 Nxd5 17. Bxd5 Na5 18. Bxb7 Nxb7 19. g3 Na5 20. Rxd8+ Rxd8
21. Rc1 Bd6 22. b4 Nb7 23. Nd4 Kf8 24. Nc6 Ra8 25. Rd1 Ke8 26. Kg2 Kd7 27. Nd4
g6 28. Nb5 Ke7 29. Re1 Kf8 30. Bh6+ Kg8 31. Nxa7 Bf8 32. Bxf8 Kxf8 33. Nb5 Rd8
34. Rc1 Nd6 35. Rd1 Ke7 36. Re1+ Kf6 37. Nxd6 Rxd6 38. Re3 b5 39. g4 h6 40. Rc3
Rd2 41. Rc5 Ra2 42. Rxb5 Rxa3 43. h4 Rb3 44. f3 h5 45. gxh5 gxh5 46. Kg3 Kg6
47. Kf4 f6 48. Rb8 Kg7 49. Ke4 Rb1 50. Kf5 Rh1 51. Rb7+ Kh6 52. Kxf6 Rxh4 53.
Kf5 Rh3 54. f4 Rh1 55. b5 h4 56. Kg4 h3 57. f5 h2 58. Kg3 Rf1 59. Kxh2 Rxf5 60.
Kg3 Rf1 61. b6 Rb1 62. Kf4 Rb5 63. Ke4 Kg6 64. Kd4 Rb1 65. Kc5 Rc1+ 66. Kd6
Rd1+ 67. Kc7 Rc1+ 68. Kd7 Rd1+ 69. Kc8 Rb1 70. Rb8 Rc1+ 71. Kb7 Kf6 72. Rc8 Rb1
73. Rc6+ Ke7 74. Kc7 Rd1 75. b7 Rd7+ 76. Kb6 Rd8 77. Rc8 Rd6+ 78. Kc5 1-0

[Event "Memorial Nicola Palladino A"]
[Site "Milano ITA"]
[Date "2009.04.11"]
[Round "2"]
[White "Guzzetti, Luigi Enrico"]
[Black "Mouflih, Caesar Faycal"]
[Result "0-1"]
[WhiteElo "1891"]
[BlackElo "1600"]
[PlyCount "80"]
[EventDate "2009.04.10"]

1. e4 e5 2. Nf3 Nc6 3. Bb5 a6 4. Ba4 Nf6 5. O-O Be7 6. Re1 b5 7. Bb3 O-O 8. c3
d5 9. exd5 Nxd5 10. d4 exd4 11. Nxd4 Nxd4 12. Qxd4 c6 13. Bxd5 cxd5 14. Bf4 Re8
15. Nd2 Be6 16. Be5 Bf8 17. Rad1 Rc8 18. Qf4 a5 19. b3 f6 20. Bd4 Bd6 21. Qf3
Qc7 22. g3 Bf7 23. Nf1 Be5 24. Ne3 Bxd4 25. cxd4 Qc3 26. Qe2 Qb4 27. Qg4 Rcd8
28. Nc2 Qc3 29. Rxe8+ Rxe8 30. Ne3 Bg6 31. Qd7 Rxe3 32. fxe3 Qxe3+ 33. Kf1 Bd3+
34. Rxd3 Qxd3+ 35. Kg2 Qe4+ 36. Kh3 g5 37. Qd8+ Kg7 38. Qxa5 g4+ 39. Kh4 Qf5
40. Qd2 Kg6 0-1

[Event "Memorial Nicola Palladino A"]
[Site "Milano ITA"]
[Date "2009.04.11"]
[Round "2"]
[White "Lavric, Mihail"]
[Black "Attuati, Stefano"]
[Result "1-0"]
[WhiteElo "1984"]
[BlackElo "1772"]
[PlyCount "43"]
[EventDate "2009.04.10"]

1. d4 f5 2. e4 fxe4 3. Nc3 Nf6 4. f3 d5 5. fxe4 dxe4 6. Bg5 Bf5 7. Bc4 Nbd7 8.
Nge2 e6 9. Ng3 h6 10. Bf4 Bd6 11. O-O g6 12. Qd2 e5 13. Nxf5 gxf5 14. dxe5 Bxe5
15. Bxe5 Nxe5 16. Qxd8+ Rxd8 17. Bb3 Nf7 18. Rxf5 Ke7 19. Raf1 Rd6 20. Rxf6 Ng5
21. Rxd6 Kxd6 22. h4 1-0

[Event "Memorial Nicola Palladino A"]
[Site "Milano ITA"]
[Date "2009.04.11"]
[Round "2"]
[White "Margstahler, Francesco"]
[Black "Messina, Marco"]
[Result "1/2-1/2"]
[WhiteElo "1791"]
[BlackElo "2063"]
[PlyCount "105"]
[EventDate "2009.04.10"]

1. e4 d5 2. exd5 Nf6 3. Bb5+ Bd7 4. Be2 Nxd5 5. d4 g6 6. Nf3 Bg7 7. c3 Nc6 8.
O-O O-O 9. Bg5 h6 10. Bh4 Bf5 11. Nbd2 Qd7 12. Bg3 a6 13. Nc4 f6 14. Ncd2 e5
15. dxe5 Nxe5 16. Nh4 Kh7 17. Ndf3 Rad8 18. Nxf5 Qxf5 19. Nd4 Qd7 20. Qb3 f5
21. Bxe5 Bxe5 22. Rad1 Nf4 23. Bc4 Qe7 24. Qxb7 Qc5 25. Qxa6 Bxd4 26. Rxd4 Rxd4
27. cxd4 Qxd4 28. Qb5 Qe4 29. f3 Qe3+ 30. Rf2 Rd8 31. Qb3 Qd4 32. Ba6 Rd7 33.
Bc4 Re7 34. Qc3 Qb6 35. Qd2 g5 36. Kf1 Qc6 37. Qc2 Qf6 38. Qc3 Qd6 39. Rd2 Qb6
40. Qc2 Kg6 41. Bd3 Qe6 42. Be2 Qxa2 43. Qc6+ Qe6 44. Qxe6+ Nxe6 45. g3 c5 46.
Rd6 Kg7 47. Rd5 Kf6 48. Bc4 Nd4 49. Kf2 Re5 50. Rd6+ Kg7 51. Rd7+ Kf6 52. Rd6+
Kg7 53. Rd7+ 1/2-1/2

[Event "Memorial Nicola Palladino A"]
[Site "Milano ITA"]
[Date "2009.04.11"]
[Round "2"]
[White "Mina, N. Mina"]
[Black "Coladangelo, Andrea"]
[Result "1-0"]
[WhiteElo "2177"]
[BlackElo "1895"]
[PlyCount "55"]
[EventDate "2009.04.10"]

1. e4 c5 2. d4 cxd4 3. c3 Nf6 4. e5 Nd5 5. Bc4 Nb6 6. Bb3 Nc6 7. Nf3 d6 8. exd6
Qxd6 9. cxd4 Be6 10. O-O Bxb3 11. Qxb3 Nxd4 12. Nxd4 Qxd4 13. Be3 Qa4 14. Bxb6
axb6 15. Qxb6 Qa6 16. Qc7 Rd8 17. Nc3 e6 18. Ne4 Rd7 19. Qc3 Rd3 20. Qc2 Be7
21. Rfd1 Rxd1+ 22. Rxd1 O-O 23. a3 f5 24. Rd7 Bxa3 25. bxa3 fxe4 26. Qc7 Rf5
27. Rxg7+ Kf8 28. Qe7# 1-0

[Event "Memorial Nicola Palladino A"]
[Site "Milano ITA"]
[Date "2009.04.11"]
[Round "2"]
[White "Poletto, Daniele"]
[Black "Vocaturo, Riccardo"]
[Result "0-1"]
[WhiteElo "1796"]
[BlackElo "1581"]
[PlyCount "64"]
[EventDate "2009.04.10"]

1. c4 f5 2. Nc3 e6 3. g3 Nf6 4. Bg2 d5 5. cxd5 exd5 6. d4 c6 7. Bg5 Be7 8. Bxf6
Bxf6 9. e3 O-O 10. Nge2 Kh8 11. O-O Qe8 12. b4 Nd7 13. b5 g5 14. bxc6 bxc6 15.
Qa4 Bb7 16. Rab1 Rb8 17. Rxb7 Rxb7 18. Qxc6 Rb6 19. Qxd5 Be7 20. Qc4 Rh6 21.
Qc7 g4 22. Nf4 Bd6 23. Qxa7 Bxf4 24. exf4 Qh5 25. h4 gxh3 26. Bb7 h2+ 27. Kh1
Nf6 28. Bg2 Rc8 29. Qa3 Qg4 30. Nd1 Ne4 31. Qf3 Qxf3 32. Bxf3 Nd2 0-1

[Event "Memorial Nicola Palladino A"]
[Site "Milano ITA"]
[Date "2009.04.11"]
[Round "2"]
[White "Rossi, Giampiero"]
[Black "Gongalov, Bojan"]
[Result "0-1"]
[WhiteElo "1915"]
[BlackElo "2137"]
[PlyCount "58"]
[EventDate "2009.04.10"]

1. d4 Nf6 2. c4 g6 3. g3 Bg7 4. Bg2 d5 5. cxd5 Nxd5 6. e4 Nb6 7. Ne2 Bg4 8. f3
Be6 9. Nbc3 Bc4 10. b3 Ba6 11. Be3 O-O 12. Qd2 Nc6 13. O-O-O Qd6 14. e5 Qa3+
15. Qb2 Qa5 16. Kb1 Nb4 17. Nc1 N6d5 18. Nxd5 Nxd5 19. Bd2 Qb6 20. f4 Rfd8 21.
Bf1 c5 22. dxc5 Qxc5 23. Bxa6 bxa6 24. Rhe1 a5 25. Ne2 Rac8 26. Rc1 Qb5 27. Nc3
Qd3+ 28. Qc2 Nxc3+ 29. Bxc3 Rxc3 0-1

[Event "Memorial Nicola Palladino A"]
[Site "Milano ITA"]
[Date "2009.04.11"]
[Round "2"]
[White "Salmoiraghi, Angelo"]
[Black "Angalone, Ruggero"]
[Result "1-0"]
[WhiteElo "2136"]
[BlackElo "1611"]
[PlyCount "33"]
[EventDate "2009.04.10"]

1. e4 g6 2. d4 Bg7 3. Nc3 d6 4. Be3 Nd7 5. Qd2 Ngf6 6. f3 O-O 7. Bh6 b6 8. h4
c5 9. Nge2 cxd4 10. Nxd4 Ne5 11. h5 Nxh5 12. Bxg7 Kxg7 13. g4 Nf6 14. Qh6+ Kg8
15. Nd5 Ned7 16. Nc6 Qe8 17. Nc7 1-0

[Event "Memorial Nicola Palladino A"]
[Site "Milano ITA"]
[Date "2009.04.11"]
[Round "2"]
[White "Vittadini, Attilio"]
[Black "Palmieri, Giovanni"]
[Result "1/2-1/2"]
[WhiteElo "1865"]
[BlackElo "1737"]
[PlyCount "79"]
[EventDate "2009.04.10"]

1. e4 e6 2. d4 d5 3. Nd2 Nf6 4. Bd3 c5 5. c3 b6 6. e5 Nfd7 7. Ndf3 Ba6 8. Ne2
Bxd3 9. Qxd3 Be7 10. O-O O-O 11. Be3 c4 12. Qd2 Nc6 13. Ng5 b5 14. f4 h6 15.
Nh3 f5 16. Nf2 Qe8 17. Kh1 Qh5 18. g4 fxg4 19. Rg1 Qf5 20. Rxg4 Kh8 21. Rag1
Rf7 22. Ng3 Qh7 23. Nh5 Rg8 24. f5 Qxf5 25. Ng3 Qh7 26. Nh3 Nf8 27. Nf4 Bg5 28.
Ngh5 Qe4+ 29. R1g2 Ne7 30. h4 Bxf4 31. Nxf4 Qh7 32. h5 Qb1+ 33. Kh2 Nf5 34.
Ng6+ Nxg6 35. Rxg6 Nxe3 36. Qxe3 Qf5 37. Qe2 Qf4+ 38. R6g3 Rf5 39. Kh3 Rf7 40.
Rg4 1/2-1/2

[Event "Memorial Nicola Palladino A"]
[Site "Milano ITA"]
[Date "2009.04.11"]
[Round "3"]
[White "Angalone, Ruggero"]
[Black "Astengo, Corrado"]
[Result "0-1"]
[WhiteElo "1611"]
[BlackElo "2208"]
[PlyCount "26"]
[EventDate "2009.04.10"]

1. b3 e5 2. Bb2 Nc6 3. g3 d5 4. Bg2 Nf6 5. e3 Be6 6. Ne2 Bd6 7. d3 Qd7 8. O-O
h5 9. c4 h4 10. Nbc3 Bh3 11. cxd5 Bxg2 12. dxc6 Qh3 13. cxb7 Ng4 0-1

[Event "Memorial Nicola Palladino A"]
[Site "Milano ITA"]
[Date "2009.04.11"]
[Round "3"]
[White "Astengo, Marcello"]
[Black "Mina, N. Mina"]
[Result "0-1"]
[WhiteElo "2114"]
[BlackElo "2177"]
[PlyCount "106"]
[EventDate "2009.04.10"]

1. d4 Nf6 2. c4 g6 3. Nc3 Bg7 4. e4 d6 5. f3 c6 6. Bg5 a6 7. Qd2 h6 8. Be3 b5
9. Bd3 Nbd7 10. Nge2 bxc4 11. Bxc4 Nb6 12. Bb3 a5 13. Na4 Nfd7 14. Rc1 Bb7 15.
O-O h5 16. f4 Nf6 17. e5 Nfd5 18. f5 gxf5 19. Nxb6 Qxb6 20. exd6 e6 21. Bxd5
cxd5 22. Rc7 Ba6 23. d7+ Kd8 24. Rfc1 Bc4 25. Rc8+ Kxd7 26. Rxh8 Rxh8 27. Nc3
h4 28. Na4 Qb4 29. Qxb4 axb4 30. Nb6+ Kd6 31. Nxc4+ dxc4 32. Rxc4 Ra8 33. Rxb4
Rxa2 34. Rb7 Kd5 35. Rxf7 Ke4 36. Rxg7 Kxe3 37. h3 Kxd4 38. b4 e5 39. Rh7 e4
40. Rxh4 Ke3 41. Rh5 Kf4 42. Rh8 Rb2 43. Rb8 Rb1+ 44. Kf2 e3+ 45. Ke2 Rb2+ 46.
Kf1 Kg3 47. Rg8+ Kh2 48. Re8 f4 49. Re4 Rf2+ 50. Ke1 Kxg2 51. h4 Rf1+ 52. Ke2
f3+ 53. Kd3 Rd1+ 0-1

[Event "Memorial Nicola Palladino A"]
[Site "Milano ITA"]
[Date "2009.04.11"]
[Round "3"]
[White "Attuati, Stefano"]
[Black "Poletto, Daniele"]
[Result "1-0"]
[WhiteElo "1772"]
[BlackElo "1796"]
[PlyCount "41"]
[EventDate "2009.04.10"]

1. e4 c5 2. Nf3 e6 3. d4 cxd4 4. Nxd4 a6 5. Be2 Nf6 6. Nc3 Bb4 7. Bd3 Qc7 8.
Bd2 Nc6 9. Nb3 O-O 10. O-O Ne5 11. Nb5 axb5 12. Bxb4 Neg4 13. e5 Qxe5 14. Bd6
Qxb2 15. Qf3 Ne5 16. Qe2 Nxd3 17. Qxd3 Ra6 18. Bxf8 Kxf8 19. Rfc1 d5 20. Qxb5
Rxa2 21. Qc5+ 1-0

[Event "Memorial Nicola Palladino A"]
[Site "Milano ITA"]
[Date "2009.04.12"]
[Round "3"]
[White "Bertazzoli, Giulio"]
[Black "Barberi, Alessandro"]
[Result "1/2-1/2"]
[WhiteElo "1849"]
[BlackElo "2120"]
[PlyCount "77"]
[EventDate "2009.04.10"]

1. d4 g6 2. c4 Bg7 3. Nc3 d6 4. e4 Nd7 5. Nf3 e5 6. Bg5 f6 7. Be3 Nh6 8. Bd3
Nf7 9. Qc2 exd4 10. Nxd4 Nde5 11. Be2 O-O 12. f4 Nc6 13. Nxc6 bxc6 14. O-O f5
15. Bd3 Nh6 16. h3 Bd7 17. Rae1 Re8 18. Bf2 Rb8 19. Kh1 c5 20. b3 fxe4 21. Nxe4
Nf5 22. Ng5 Qf6 23. Ne4 Qf8 24. Qd2 Bc6 25. Nc3 Nd4 26. Nd5 Qf7 27. Bxd4 Bxd4
28. f5 Rxe1 29. Rxe1 Bxd5 30. fxg6 hxg6 31. cxd5 Kg7 32. Re6 Bf6 33. Qe3 Rh8
34. Qf3 Rh5 35. g4 Re5 36. Rxe5 Bxe5 37. Qxf7+ Kxf7 38. Kg2 g5 39. Kf3 1/2-1/2

[Event "Memorial Nicola Palladino A"]
[Site "Milano ITA"]
[Date "2009.04.11"]
[Round "3"]
[White "Bove, Alessandro"]
[Black "Bozzali, Ermanno"]
[Result "1-0"]
[WhiteElo "2297"]
[BlackElo "2126"]
[PlyCount "93"]
[EventDate "2009.04.10"]

1. e4 c5 2. Nf3 d6 3. d4 cxd4 4. Nxd4 Nf6 5. Nc3 a6 6. Bg5 e6 7. f4 b5 8. e5
dxe5 9. fxe5 Qc7 10. exf6 Qe5+ 11. Qe2 Qxg5 12. Ne4 Qe5 13. O-O-O gxf6 14. Nf3
Qf4+ 15. Ned2 Bc5 16. Qe1 Bb7 17. Kb1 Nd7 18. Bd3 O-O-O 19. Ne4 f5 20. Neg5
Bxf3 21. Nxf3 Kb7 22. Rf1 Rhg8 23. g3 Qc7 24. Qe2 Rg4 25. Rfe1 Qb6 26. Nd2 Nf6
27. Nb3 Nd5 28. Qf3 Bb4 29. c3 Qc6 30. Be2 Bxc3 31. bxc3 Nxc3+ 32. Ka1 Ra4 33.
Nc5+ Ka7 34. Nxa4 Qxf3 35. Bxf3 Nxd1 36. Rxd1 Rxd1+ 37. Bxd1 bxa4 38. Bxa4 Kb6
39. Kb2 Kc5 40. Kc3 e5 41. Bc2 e4 42. Bb3 Kd6 43. Kd4 f6 44. Bc4 a5 45. a4 h6
46. Ba6 Kc7 47. Kc5 1-0

[Event "Memorial Nicola Palladino A"]
[Site "Milano ITA"]
[Date "2009.04.11"]
[Round "3"]
[White "Cazzaniga, Walter"]
[Black "Guzzetti, Luigi Enrico"]
[Result "1-0"]
[WhiteElo "2192"]
[BlackElo "1891"]
[PlyCount "95"]
[EventDate "2009.04.10"]

1. d4 Nf6 2. c4 g6 3. Nc3 Bg7 4. e4 d6 5. Nf3 O-O 6. Be2 c6 7. O-O Qc7 8. Re1
Nbd7 9. b3 Qa5 10. Bb2 e5 11. dxe5 Nxe5 12. Qc2 Nxf3+ 13. Bxf3 Bg4 14. Bxg4
Nxg4 15. h3 Nf6 16. Rad1 Rad8 17. Re2 Nh5 18. g3 Qg5 19. Kh2 Be5 20. Rd3 f5 21.
exf5 Rxf5 22. Ne4 Qe7 23. Bxe5 Rxe5 24. Rde3 Re8 25. Qd2 d5 26. Nc3 Qd6 27.
Rxe5 Rxe5 28. Rxe5 Qxe5 29. cxd5 cxd5 30. Qxd5+ Qxd5 31. Nxd5 Kf7 32. f4 Ke6
33. Ne3 Ng7 34. Kg2 a6 35. Kf3 b5 36. g4 h5 37. Ke4 hxg4 38. hxg4 Ne8 39. Kd4
Kd6 40. f5 gxf5 41. Nxf5+ Kc6 42. g5 a5 43. g6 Nf6 44. g7 b4 45. Ne7+ Kb5 46.
Ke5 Ng4+ 47. Kf5 Nh6+ 48. Kg6 1-0